000 00877nam a2200265Ia 4500
003 OSt
005 20220923213804.0
006 a|||||r|||| 00| 0
007 ta
008 220922b |||||||| |||| 00| 0 hin d
020 _c4
024 _a164,535
037 _cTextual
040 _aARTS
_cARTS
_bhin
041 _2hin
_ahin
082 _aO152,1N246x, K4
100 _aगुप्त, जगदीश
_9156290
245 0 _aहिम विद्व
246 _aHim vidva
260 _aवाराणसी
_b भारतीय ज्ञानपीठ प्रकाशन
_c1964
490 _aज्ञानपीठ लोकोदय गं्रथमाला; 196
650 _aहिन्दी साहित्य
_9156264
942 _hO152,1N246x, K4
_cTEXL
_2CC
999 _c319015
_d319015